Rust Monuments 2025 - Statistics

General Stats
  • This quiz has been taken 118 times
  • The average score is 16 of 29
Answer Stats
Hint Answer % Correct
Sea Small Oil Rig
93%
Sea Large Oil Rig
90%
Sea Underwater Lab
89%
Land Launch Site
80%
Land Dome
78%
Land Water Treatment Plant
73%
Land Outpost
72%
Land Oxum's Gas Station
71%
Coast Large Fishing Village
66%
Coast Small Fishing Village
66%
Land Abandoned Supermarket
63%
Land Bandit Camp
63%
Coast Large Harbor
63%
Land Trainyard
62%
Underground Military Tunnels
55%
Land Airfield
54%
Land Power Plant
50%
Land Sewer Branch
49%
Land Abandoned Military Base
45%
Land Satellite Dish
40%
Land Quarry
39%
Land Mining Outpost
35%
Sea Lighthouse
34%
Land Large Barn
29%
Land Giant Excavator
28%
Land Ranch
27%
Land Arctic Research Base
24%
Land Junkyard
24%
Land Abandoned Cabins
16%
No matching quizzes found
Score Distribution
Percent of People with Each Score
Percentile by Number Answered
Your Score History
You have not taken this quiz